00485nam a22001457a 4500082003100000100002600031245004000057260005000097300001300147526003700160650001300197942001200210999001900222952009800241 a891.4393bSADcN-01, P-146 aSalik Saddique946972 aتادم تحریرcSaddique Salik aLahore, PakistanbTarab Mubeen Printersc1997 a278 p. : a0b0c0d891_439300000000000_SAD aMCE9379 2ddccBK c550280d550280 00102ddc4070aMCEbMCEd2014-10-30l0o891.4393 SADpMCE-38254r2014-10-30w2014-10-30yBK